[Event "Berlin Lieb Memorial 3rd"]
[Site "Berlin"]
[Date "2017.05.11"]
[Round "1"]
[White "Tham, Franz"]
[Black "Lawrenz, Sebastian"]
[Result "0-1"]
[WhiteElo "1605"]
[BlackElo "1945"]
[PlyCount "46"]
[EventDate "2017.05.11"]
[EventType "swiss"]
[EventRounds "7"]
[EventCountry "GER"]
[SourceTitle "CBM 189 Extra"]
[Source "ChessBase"]
[SourceDate "2019.06.03"]
[SourceVersion "1"]
[SourceVersionDate "2019.06.03"]
[SourceQuality "1"]

1. Nf3 Nf6 2. d4 e6 3. c4 b6 4. g3 Ba6 5. e3 Be7 6. Bd3 d5 7. Qa4+ Qd7 8. Qxd7+ Nbxd7 9. b3 0-0 10. 0-0 Rfd8 11. Ba3 c5 12. dxc5 Nxc5 13. Bxc5 Bxc5 14. Nbd2 dxc4 15. Bxc4 Bb7 16. a3 a5 17. Rfd1 Kf8 18. Ne5 Rac8 19. Nd3 Be7 20. Bb5 Rd5 21. Bc4 Rd6 22. Ne5 Rcd8 23. Ra2 Ne4 0-1

[Event "Berlin Lichtenberger op 14th"]
[Site "Berlin"]
[Date "2015.08.18"]
[Round "4"]
[White "Niehaus, Frank"]
[Black "Lawrenz, Sebastian"]
[Result "1/2-1/2"]
[WhiteElo "2203"]
[BlackElo "1910"]
[PlyCount "34"]
[EventDate "2015.08.15"]
[EventType "swiss"]
[EventRounds "9"]
[EventCountry "GER"]
[SourceTitle "EXT 2016"]
[Source "ChessBase"]
[SourceDate "2015.10.08"]
[SourceVersion "1"]
[SourceVersionDate "2015.10.08"]
[SourceQuality "1"]

1. e4 d5 2. exd5 Qxd5 3. Nc3 Qa5 4. d4 Bf5 5. Qf3 c6 6. d5 Bxc2 7. Bd2 Qd8 8. Rc1 Bg6 9. dxc6 Nxc6 10. Bb5 Rc8 11. Nge2 Nf6 12. Be3 a6 13. Ba4 e5 14. 0-0 Be7 15. Rfd1 Qa5 16. a3 e4 17. Qg3 0-0 1/2-1/2

[Event "Berlin Lieb Memorial 1st"]
[Site "Berlin"]
[Date "2015.06.18"]
[Round "5"]
[White "Lawrenz, Sebastian"]
[Black "Jahnz, Fabian"]
[Result "0-1"]
[WhiteElo "1858"]
[BlackElo "2221"]
[PlyCount "70"]
[EventDate "2015.05.21"]
[EventType "swiss"]
[EventRounds "7"]
[EventCountry "GER"]
[SourceTitle "EXT 2022"]
[Source "ChessBase"]
[SourceDate "2021.10.06"]
[SourceVersion "1"]
[SourceVersionDate "2021.10.06"]
[SourceQuality "1"]

1. c4 e5 2. g3 Nf6 3. Bg2 h6 4. Nf3 e4 5. Nd4 d5 6. cxd5 Qxd5 7. Nc2 Qh5 8. Nc3 Bh3 9. Ne3 Bxg2 10. Nxg2 Nc6 11. Qa4 0-0-0 12. a3 Bc5 13. h3 Rhe8 14. Ne3 Nd7 15. b4 Nb6 16. Qb3 Nd4 17. Qd1 Bd6 18. Bb2 Qg6 19. Rg1 f5 20. Ncd5 Nxd5 21. Nxd5 Be5 22. Nc3 f4 23. g4 e3 24. Qa4 exd2+ 25. Kd1 Rd6 26. b5 Bf6 27. f3 a6 28. Ne4 Rxe4 29. fxe4 Qxe4 30. Bxd4 Bxd4 31. bxa6 Rxa6 32. Qb5 Bxg1 33. Rb1 Rb6 34. Rb4 Rxb5 35. Rxe4 Be3 0-1

[Event "Berlin Lichtenrade op 10th"]
[Site "Berlin"]
[Date "2014.10.20"]
[Round "3"]
[White "Parligras, Cosmin"]
[Black "Lawrenz, Sebastian"]
[Result "1-0"]
[WhiteElo "2261"]
[BlackElo "1814"]
[PlyCount "69"]
[EventDate "2014.10.18"]
[EventType "swiss"]
[EventRounds "9"]
[EventCountry "GER"]
[SourceTitle "EXT 2015"]
[Source "ChessBase"]
[SourceDate "2014.11.20"]
[SourceVersion "1"]
[SourceVersionDate "2014.11.20"]
[SourceQuality "1"]

1. Nf3 Nf6 2. d4 d5 3. g3 g6 4. Bg2 Bg7 5. 0-0 0-0 6. c4 c6 7. cxd5 cxd5 8. Nc3 Nc6 9. Ne5 Bf5 10. Bf4 h6 11. Nxc6 bxc6 12. Be5 Ne4 13. Nxe4 Bxe5 14. dxe5 Bxe4 15. Bxe4 dxe4 16. Rc1 Qxd1 17. Rfxd1 Rfd8 18. Kf1 Kf8 19. Ke1 Rxd1+ 20. Kxd1 Rb8 21. b3 Rb5 22. e6 Rd5+ 23. Ke1 c5 24. exf7 a6 25. Rc4 Re5 26. Ra4 Re6 27. Ra5 Rc6 28. Kd2 Kxf7 29. Ke3 Ke6 30. Kxe4 Kd6 31. Ra4 Kc7 32. Ke3 Kd6 33. Kd3 Ke5 34. Ra5 Kd5 35. b4 1-0

[Event "Berlin Spring op-B"]
[Site "Berlin"]
[Date "2014.05.02"]
[Round "3"]
[White "Schroeder, Ralf"]
[Black "Lawrenz, Sebastian"]
[Result "1/2-1/2"]
[WhiteElo "1635"]
[BlackElo "1835"]
[PlyCount "84"]
[EventDate "2014.05.01"]
[EventType "swiss"]
[EventRounds "7"]
[EventCountry "GER"]
[SourceTitle "CBM 160 Extra"]
[Source "ChessBase"]
[SourceDate "2014.07.01"]
[SourceVersion "1"]
[SourceVersionDate "2014.07.01"]
[SourceQuality "1"]

1. b4 e6 2. Bb2 Nf6 3. b5 d5 4. e3 c5 5. c4 b6 6. Nf3 Bb7 7. Be2 Nbd7 8. 0-0 Bd6 9. d4 Qc7 10. cxd5 exd5 11. h3 0-0 12. a4 Rfe8 13. Nbd2 c4 14. Qc2 Rac8 15. Rfc1 h6 16. Ba3 Ne4 17. Nxe4 Rxe4 18. Bxd6 Qxd6 19. Nd2 Ree8 20. Bg4 Rcd8 21. Bxd7 Qxd7 22. Nf3 Qd6 23. a5 Ra8 24. Ne5 Bc8 25. Qd1 g6 26. Qf3 Be6 27. Qf6 Qd8 28. Qxd8 Rexd8 29. Nc6 Re8 30. Nb4 Rec8 31. Kf1 Kf8 32. Ke2 Ke7 33. axb6 axb6 34. Ra6 Rxa6 35. bxa6 Ra8 36. Ra1 Kd7 37. Kd2 Ra7 38. Kc3 Kd6 39. f3 f5 40. g4 g5 41. Re1 Rf7 42. Ra1 Ra7 1/2-1/2

[Event "Berlin Eckbauer op 16th"]
[Site "Berlin"]
[Date "2013.11.11"]
[Round "6"]
[White "Lawrenz, Sebastian"]
[Black "Janneck, Frank"]
[Result "1-0"]
[WhiteElo "1728"]
[BlackElo "1875"]
[PlyCount "127"]
[EventDate "2013.10.07"]
[EventType "swiss"]
[EventRounds "7"]
[EventCountry "GER"]
[SourceTitle "EXT 2022"]
[Source "ChessBase"]
[SourceDate "2021.10.06"]
[SourceVersion "1"]
[SourceVersionDate "2021.10.06"]
[SourceQuality "1"]

1. e4 e5 2. Nf3 Nf6 3. Nxe5 d6 4. Nf3 Nxe4 5. Qe2 Qe7 6. d3 Nc5 7. Nc3 Qxe2+ 8. Bxe2 c6 9. 0-0 Be7 10. d4 Ne6 11. d5 Nc7 12. dxc6 bxc6 13. Bf4 Ne6 14. Bg3 0-0 15. Rfd1 d5 16. Bd3 g6 17. h3 Nd7 18. Ne5 Nxe5 19. Bxe5 f6 20. Bh2 Nc5 21. Bf1 f5 22. Re1 Ne4 23. Na4 Bh4 24. g3 Bf6 25. Rad1 Bd8 26. f3 Ng5 27. Kg2 Bc7 28. Bg1 Nf7 29. Bd4 Bd6 30. Bd3 Nd8 31. Bc5 Nf7 32. b3 Rd8 33. Re2 Bxc5 34. Nxc5 Bd7 35. Rde1 Be8 36. a4 Nd6 37. Re7 Bf7 38. Kf2 a5 39. Rc7 Rac8 40. Ree7 Kf8 41. Red7 Rxd7 42. Rxd7 Ne8 43. Ra7 Nf6 44. Rxa5 Re8 45. Ra7 d4 46. Nd7+ Nxd7 47. Rxd7 Bd5 48. a5 Re3 49. Be2 Rc3 50. a6 Ke8 51. Rxh7 Rxc2 52. Ke1 c5 53. a7 Ra2 54. g4 f4 55. h4 Ra1+ 56. Kd2 Ra2+ 57. Kd3 Ra3 58. Bd1 Ra1 59. Kc2 Ra2+ 60. Kb1 Rd2 61. Kc1 Ra2 62. h5 gxh5 63. Rxh5 Bf7 64. Rh8+ 1-0

[Event "Berlin Eckbauer op 16th"]
[Site "Berlin"]
[Date "2013.10.28"]
[Round "4"]
[White "Lawrenz, Sebastian"]
[Black "Osterland, Christian"]
[Result "1-0"]
[WhiteElo "1728"]
[BlackElo "1653"]
[PlyCount "73"]
[EventDate "2013.10.07"]
[EventType "swiss"]
[EventRounds "7"]
[EventCountry "GER"]
[SourceTitle "EXT 2022"]
[Source "ChessBase"]
[SourceDate "2021.10.06"]
[SourceVersion "1"]
[SourceVersionDate "2021.10.06"]
[SourceQuality "1"]

1. e4 Nc6 2. d4 e6 3. c3 b6 4. Bd3 Bb7 5. Nf3 h6 6. Qe2 g5 7. h3 Bg7 8. Be3 Qe7 9. a4 Nf6 10. Nfd2 a5 11. Na3 Nd8 12. Nb5 Rc8 13. f4 Nh7 14. fxg5 hxg5 15. Rf1 Nf8 16. e5 Rh4 17. Nc4 d6 18. exd6 cxd6 19. Nbxd6+ Kd7 20. Nxc8 Kxc8 21. Nxb6+ Kb8 22. Nc4 Qc7 23. 0-0-0 f6 24. Bf2 Rh8 25. Rg1 f5 26. Na3 Qd7 27. Nb5 Bc6 28. Bg3+ f4 29. Bf2 Bb7 30. Be4 Ba6 31. d5 Nb7 32. c4 Qe7 33. Na7 Nd8 34. d6 Qd7 35. Qc2 Be5 36. Qb3+ Nb7 37. Nc6+ 1-0

[Event "Berlin Eckbauer op 16th"]
[Site "Berlin"]
[Date "2013.10.21"]
[Round "3"]
[White "Jurkatis, Hagen"]
[Black "Lawrenz, Sebastian"]
[Result "1-0"]
[WhiteElo "2094"]
[BlackElo "1728"]
[PlyCount "103"]
[EventDate "2013.10.07"]
[EventType "swiss"]
[EventRounds "7"]
[EventCountry "GER"]
[SourceTitle "EXT 2022"]
[Source "ChessBase"]
[SourceDate "2021.10.06"]
[SourceVersion "1"]
[SourceVersionDate "2021.10.06"]
[SourceQuality "1"]

1. d4 c5 2. d5 Nf6 3. Nc3 d6 4. e4 a6 5. a4 g6 6. Be2 Bg7 7. Nf3 Nbd7 8. 0-0 0-0 9. Nd2 Qc7 10. Nc4 Rd8 11. f4 Nb6 12. f5 Nxc4 13. Bxc4 Nd7 14. fxg6 hxg6 15. Bf4 Ne5 16. Bxe5 Bxe5 17. Qf3 Rf8 18. Nd1 Bd7 19. c3 Qc8 20. Nf2 b5 21. axb5 axb5 22. Rxa8 Qxa8 23. Be2 c4 24. h4 Qa7 25. Kh1 Kg7 26. Nd1 f6 27. g3 Rh8 28. Kg2 Qc5 29. Ne3 Qa7 30. Qf2 Qa8 31. Bg4 Qc8 32. Bxd7 Qxd7 33. Ra1 Kf7 34. Qf3 Kg7 35. Rh1 e6 36. Qg4 f5 37. dxe6 fxg4 38. exd7 Rd8 39. Rd1 Rxd7 40. Rd5 Rb7 41. Nxg4 b4 42. Nxe5 dxe5 43. Rc5 Kh6 44. Rxc4 bxc3 45. bxc3 g5 46. Kh3 Rb6 47. Rc5 gxh4 48. Kxh4 Kg6 49. c4 Kf6 50. g4 Rb3 51. Rc6+ Kg7 52. Kg5 1-0

[Event "Berlin Eckbauer op 15th"]
[Site "Berlin"]
[Date "2012.11.19"]
[Round "6.14"]
[White "Schwedek, Tony"]
[Black "Lawrenz, Sebastian"]
[Result "1/2-1/2"]
[WhiteElo "1867"]
[BlackElo "1636"]
[PlyCount "33"]
[EventDate "2012.10.15"]
[EventType "swiss"]
[EventRounds "7"]
[EventCountry "GER"]
[SourceTitle "EXT 2022"]
[Source "ChessBase"]
[SourceDate "2021.10.06"]
[SourceVersion "1"]
[SourceVersionDate "2021.10.06"]
[SourceQuality "1"]

1. c4 c5 2. g3 g6 3. Bg2 Bg7 4. Nc3 Nc6 5. Nf3 e6 6. e3 Nf6 7. d4 cxd4 8. Nxd4 a6 9. 0-0 h5 10. h4 Ne5 11. b3 0-0 12. Bb2 Neg4 13. Qc2 Qc7 14. Rac1 Qa5 15. Nf3 Rb8 16. Ng5 b5 17. cxb5 1/2-1/2

[Event "Berlin Eckbauer op 15th"]
[Site "Berlin"]
[Date "2012.10.29"]
[Round "3.27"]
[White "Lawrenz, Sebastian"]
[Black "Wuesthoff, Ralf"]
[Result "1-0"]
[WhiteElo "1636"]
[BlackElo "1614"]
[PlyCount "105"]
[EventDate "2012.10.15"]
[EventType "swiss"]
[EventRounds "7"]
[EventCountry "GER"]
[SourceTitle "EXT 2022"]
[Source "ChessBase"]
[SourceDate "2021.10.06"]
[SourceVersion "1"]
[SourceVersionDate "2021.10.06"]
[SourceQuality "1"]

1. c4 f5 2. d4 Nf6 3. Nf3 g6 4. Nc3 Bg7 5. Qc2 0-0 6. h4 d6 7. Bg5 c6 8. e3 Qe8 9. Be2 e5 10. Bxf6 Bxf6 11. 0-0-0 e4 12. Nd2 Be6 13. h5 Na6 14. hxg6 hxg6 15. a3 Nc7 16. Rdg1 Rf7 17. g4 Kf8 18. gxf5 Bxf5 19. Nf1 Rg7 20. Ng3 Ke7 21. Ncxe4 Qd7 22. Nxf5+ Qxf5 23. Bg4 Qa5 24. Nxf6 Kxf6 25. Be2 Ne6 26. Bd3 Rag8 27. Rg3 a6 28. Rhg1 Qh5 29. Qd2 g5 30. Qb4 d5 31. Qd6 g4 32. cxd5 Qxd5 33. Qxd5 cxd5 34. Be2 Kf5 35. Bd3+ Kf6 36. Kd2 Ng5 37. Rc1 Ne4+ 38. Bxe4 dxe4 39. Rc5 Re8 40. b4 Re6 41. Kc3 b6 42. Rc8 b5 43. Kb3 Kg5 44. a4 bxa4+ 45. Kxa4 Rf6 46. Rg2 Rf3 47. Re8 g3 48. Rxg3+ Rxg3 49. fxg3 Kg4 50. Rxe4+ Kf3 51. Re6 Rxg3 52. Ka5 Rg1 53. Kxa6 1-0

[Event "Berlin Eckbauer op 14th"]
[Site "Berlin"]
[Date "2011.11.14"]
[Round "5.22"]
[White "Focke, Wolfgang"]
[Black "Lawrenz, Sebastian"]
[Result "0-1"]
[WhiteElo "1758"]
[BlackElo "1685"]
[PlyCount "92"]
[EventDate "2011.10.17"]
[EventType "swiss"]
[EventRounds "7"]
[EventCountry "GER"]
[SourceTitle "EXT 2022"]
[Source "ChessBase"]
[SourceDate "2021.10.06"]
[SourceVersion "1"]
[SourceVersionDate "2021.10.06"]
[SourceQuality "1"]

1. e4 c5 2. Nf3 d6 3. Bb5+ Bd7 4. Bxd7+ Qxd7 5. c4 Nc6 6. d4 Qg4 7. 0-0 cxd4 8. Re1 e5 9. h3 Qd7 10. a3 Nge7 11. b4 Ng6 12. Nbd2 Be7 13. Nb3 b6 14. Bd2 0-0 15. a4 f5 16. b5 Nd8 17. a5 fxe4 18. Rxe4 Ne6 19. Re1 Rfc8 20. axb6 axb6 21. Qc2 Bf6 22. Qe4 Rxa1 23. Rxa1 Rxc4 24. Ra8+ Rc8 25. Rxc8+ Qxc8 26. Qd5 Qd7 27. Bg5 Ne7 28. Qa8+ Qd8 29. Qxd8+ Nxd8 30. Nbd2 Kf7 31. Nc4 Nc8 32. Bd2 Ke6 33. Kf1 h6 34. Bb4 Nb7 35. Nfd2 d5 36. Na3 Nc5 37. Ke2 g5 38. f3 Nb7 39. g4 Ne7 40. Nf1 Nd6 41. Nd2 Ng6 42. Kf2 Nf4 43. Bxd6 Kxd6 44. Nf1 Nxh3+ 45. Kg2 Nf4+ 46. Kf2 Kc5 0-1

[Event "Berlin Eckbauer op 14th"]
[Site "Berlin"]
[Date "2011.11.07"]
[Round "4.12"]
[White "Lawrenz, Sebastian"]
[Black "Kievelitz, Bernd"]
[Result "0-1"]
[WhiteElo "1685"]
[BlackElo "2062"]
[PlyCount "72"]
[EventDate "2011.10.17"]
[EventType "swiss"]
[EventRounds "7"]
[EventCountry "GER"]
[SourceTitle "EXT 2022"]
[Source "ChessBase"]
[SourceDate "2021.10.06"]
[SourceVersion "1"]
[SourceVersionDate "2021.10.06"]
[SourceQuality "1"]

1. e4 c5 2. Nf3 e6 3. d4 cxd4 4. Nxd4 a6 5. Bd3 g6 6. Be3 Bg7 7. c3 Ne7 8. f4 d5 9. e5 Nbc6 10. Nf3 Nf5 11. Bf2 h5 12. Qe2 h4 13. Nbd2 Nce7 14. Nb3 Bd7 15. 0-0-0 Ba4 16. Bc2 Bxb3 17. Bxb3 Qc7 18. g4 hxg3 19. hxg3 0-0-0 20. g4 Nh6 21. Nd4 Nc6 22. Kb1 Nxd4 23. Bxd4 Qc6 24. Rdg1 b5 25. Rg3 Nf5 26. Rgh3 Ng3 27. Qg2 Nxh1 28. Rxh1 Rxh1+ 29. Qxh1 Rh8 30. Qg2 Bf8 31. Qf2 Kb7 32. f5 gxf5 33. gxf5 Rh1+ 34. Kc2 Bh6 35. fxe6 Qxe6 36. Qf3 Qg6+ 0-1